00484nam a22001812 4500001001100000005001700011008004100028020002300069040001500092245007300107250001300180260003100193300000900224650002800233700003500261852000300296852000300299000002387820151217152250.0130412s xx 000 0 eng d a0199696758 (set) : aKABUcKABU10aNew Oxford textbook of psychiatry /cMichael G. Gelder ... [et al.]. a2nd ed. aOxford :bO. U. P.,c2012. a2 v. 0aPsychiatry.@00001557571 aGelder, Michael G.@00001836361 1